| 000 | 01509nam0a2200337 4500 | ||
|---|---|---|---|
| 001 | RU\NLR\bibl\1198354 | ||
| 005 | 20250615101220.0 | ||
| 010 | _a978-5-02-034139-5 | ||
| 021 |
_aRU _b2008-1864 _9102 |
||
| 035 | _a(NLR Aleph) 001184871 | ||
| 090 |
_a1680516 _c1680516 |
||
| 100 | _a20080130d2007 |||y0rusy50 ca | ||
| 101 | 0 | _arus | |
| 102 | _aRU | ||
| 105 | _aa ||||||||| | ||
| 200 | 1 |
_aКаспийское море _eэкстремальные гидрологические события _fМ.В. Болгов, Г.Ф. Красножон, А.А. Любушин _gотв. ред. акад. М.Г. Хубларян _gРос. акад. наук, Ин-т вод. пробл. |
|
| 210 |
_aМосква _cНаука _d2007 |
||
| 215 |
_a380, [1] с. _cил., карт. _d25 |
||
| 300 | _aНа 3-й с. авт.: д.т.н. Болгов М.В., д.г.н. Красножон Г.Ф., д.ф.-м.н. Любушин А.А. | ||
| 320 | _aБиблиогр.: с. 365-379 | ||
| 607 |
_aКаспийское море _xГидрологический режим _91000535 _3RU\NLR\auth\6661611 |
||
| 686 | _aД221.9(991) | ||
| 700 | 1 |
_aБолгов _bМ. В. _gМихаил Васильевич _4070 |
|
| 701 | 1 |
_aКрасножон _bГ. Ф. _gГений Федорович _4070 |
|
| 701 | 1 |
_aЛюбушин _bА. А. _gАлексей Александрович _4070 |
|
| 801 | 0 |
_aRU _bNLR _c20080130 _gRCR |
|
| 801 | 1 |
_aRU _bNLR _c20080130 |
|
| 830 | _aавт. по кн. | ||
| 942 | _cBOOK | ||
| 980 | _aNB | ||